Statistics for What countries border Niger?

Click here to take the quiz!

General Stats

  • This quiz has been taken 685 times
  • The average score is 5 of 7

Answer Stats

Answer % Correct
Nigeria
97%
Chad
87%
Mali
85%
Algeria
80%
Libya
68%
Burkina Faso
68%
Benin
59%

Score Distribution

Percentile by Number Answered

Percent of People with Each Score

Your Score History

You have not taken this quiz